000
00258nam a2200109Ia 4500
008
240625s9999 xx 000 0 und d
041
_a
eng
082
_a
004 TUR
100
_a
TURBAN EFRAIM
245
_a
INTRODUCTION TO INFORMATION TECHNOLOGY
260
_c
2009
999
_c
40397
_d
40397